zpět

Detail výsledku týmu

Na Hladince, Moravská Třebová

Datum a čas kvízu

29 Celkem bodů Celkový počet nahraných bodů na tomto kvízu bez doplňovacích otázek.
1. Pořadí na kvízu Konečné umístění týmu na tomto kvízu.

Zaznamenané odpovědi

# Otázka Odpověď Body Výsledky
1. Počátkem týdne jsme mohli sled... Český les 1
2. Norští archeologové našli v le... lyže 1
3. Jedna britská kapela se rozhod... Rolling Stones 0
4. Francouzský deník Le Figaro zv... mozzarella 1
5. Profesionální kariéru minulý t... Roman Kreuziger 1
6. Pokřín obecný je rostlina, kte... mandragora 1
7. Blahočet je jehličnatý strom j... araukárie 1
7. Sušený pelyněk kozalec se užív... estragon 0
9. Ledvinovník západní je tropick... oříšky kešu 1
10. Paznehtník je metr vysoká byli... akant 0